| 000 | 01016nam a2200229 a 4500 | ||
|---|---|---|---|
| 001 | 000046876 | ||
| 005 | 20260302114738.0 | ||
| 008 | 180402s2016 dr a 000 p spa d | ||
| 020 | _a9789945492811 9789945492811(v. 1) | ||
| 020 | _a9789945903812(v. 2) | ||
| 040 |
_aDO-SdBNP _bspa _cBNPHU |
||
| 082 |
_axxxx _bV465n |
||
| 245 | 0 | 0 |
_aVentanas navegables, I : _b62 escritores dominicanos de la diáspora / _cpresentación de Carlos Sánchez ; compilación de José Acosta. |
| 246 | 0 | 0 |
_aVentanas navegables : _bsesenta y dos escritores dominicanos de la diáspora |
| 260 |
_aSanto Domingo : New York, N.Y. : _bMinisterio de Cultura, Comisionado Dominicano de Cultura en los Estados Unidos, _c2016. |
||
| 300 |
_a2v : _bil., retrs. ; _c23 cm. |
||
| 490 | 1 | _aEdiciones del Comisionado | |
| 505 | 0 |
_g1. _tPoesía, cuento, novela -- _gII. _tEnsayo, teatro, literatura infantil -- |
|
| 590 | _aInventariado, 2018 /LP | ||
| 700 | 1 |
_aAcosta, José, _d1964- _ecompilación _924351 |
|
| 830 | 0 |
_aEdiciones del Comisionado _972905 |
|
| 999 |
_c46365 _d46365 |
||